| 000 | 00741cam a22002657i 4500 | ||
|---|---|---|---|
| 001 | 1840 | ||
| 005 | 20231004140248.0 | ||
| 020 | _a9780545723398 | ||
| 040 |
_aDLC _beng _erda _cDLC _dFISKH |
||
| 050 | 0 | 0 | _aMLCS 2017/44661 (P) |
| 082 | _a813.6 | ||
| 100 | 1 |
_aNorthrop, Michael, _eauthor. |
|
| 245 | 1 | 0 |
_aAmulet keepers / _cMichael Northrop. |
| 250 | _aFirst edition. | ||
| 260 |
_aNew York : _bScholastic, _c2015 |
||
| 300 |
_a190 pages ; _c22 cm. |
||
| 490 | 1 |
_aTombquest ; _vBook 2 |
|
| 500 | _aIncludes chart of Hieroglyphic Alphabet. | ||
| 500 | _aRead the book. Play the game. | ||
| 505 | _aM | ||
| 521 |
_a690
_bLexile |
||
| 521 |
_aM
_bRaz-Plus |
||
| 906 |
_a7 _bcbc _corignew _d4 _eepcn _f20 _gy-gencatlg |
||
| 942 |
_2ddc _cBK _n0 |
||
| 999 |
_c1840 _d1840 |
||